| 000 | 00921nam a2200241 4500 | ||
|---|---|---|---|
| 001 | 36754 | ||
| 003 | BD-RjUL | ||
| 005 | 20211209052533.0 | ||
| 008 | 160804s1974 bg |||| |||| 000 0 ben d | ||
| 035 | _a(BD-RjUL)36856 | ||
| 040 |
_aBD-RjUL _bben _cBD-RjUL |
||
| 041 | _aben | ||
| 082 |
_a321.07 _bPLA 1974 |
||
| 245 | 0 | 0 |
_aপ্লেটোর রিপাবলিক / _cসরদার ফজলুল করিম অনুদিত |
| 260 |
_aঢাকা : _bবর্ণমিছিল, _c১৯৭৪ |
||
| 300 |
_a৪২, ৫১২ পৃ. ; _c২৩ সেমি. |
||
| 500 | _aনিঘন্ট সংযুক্ত | ||
| 650 |
_aরাষ্ট্রবিজ্ঞান _9112115 |
||
| 650 |
_aPolitical science _9117801 |
||
| 650 |
_aPolitical science -- Early works to 1800. _993287 |
||
| 700 |
_aকরিম, সরদার ফজলুল, অনুবাদক _9112117 |
||
| 942 |
_2ddc _cBK _020 |
||
| 999 |
_c36754 _d36754 |
||